<?xml version="1.0" encoding="UTF-8"?>
<record
    xmlns:xsi="http://www.w3.org/2001/XMLSchema-instance"
    xsi:schemaLocation="http://www.loc.gov/MARC21/slim http://www.loc.gov/standards/marcxml/schema/MARC21slim.xsd"
    xmlns="http://www.loc.gov/MARC21/slim">

  <leader>00304    a2200109   4500</leader>
  <controlfield tag="001">ART_30497</controlfield>
  <controlfield tag="005">20260410162003.0</controlfield>
  <controlfield tag="008">260409a                                 </controlfield>
  <datafield tag="245" ind1="1" ind2="0">
    <subfield code="a">Entusiasmo por la inteligencia</subfield>
  </datafield>
  <datafield tag="100" ind1="1" ind2=" ">
    <subfield code="a">Escudero, Miguel</subfield>
  </datafield>
  <datafield tag="773" ind1="0" ind2=" ">
    <subfield code="t">Foro pol&#xED;tico</subfield>
    <subfield code="g">- Vol. XIX (abr. 1997)</subfield>
    <subfield code="w">REV30389</subfield>
  </datafield>
  <datafield tag="999" ind1=" " ind2=" ">
    <subfield code="c">31469</subfield>
    <subfield code="d">31469</subfield>
  </datafield>
</record>
